000 00356nam a2200133Ia 4500
008 230724s1967 xx 000 0 und d
041 _aeng
082 _a348.048/CHA
100 _aChaitely D.V.
245 _aAll India Reporter -1967 Delhi,Goa,Gujarat,JK,Kerala
260 _aNagpur
_bThe All India Reporter
_c1967
300 _a448p.
650 _aREPORTS
999 _c742895
_d742895